000 01090 a2200361 4500
003 Nust
005 20170207154041.0
010 _a 2002071377
020 _a0-471-48697-3
035 _a(DLC) 2002071377
040 _cNust
082 0 4 _a621.38212
100 1 _aWisely, Dave.
245 1 0 _aIP for 3G(E-BOOK)
_bnetworking technologies for mobile communications /
_cDave Wisely, Philip Eardley and Louise Burness.
260 _aChichester, West Sussex :
_bWiley,
_ccop. 2002
300 _aix, 295 s. :
_bill.
650 7 _aComputer network protocols
650 7 _aGlobal system for mobile communications.
650 7 _aInternetprotokoll
650 7 _aKommunikationsprotokoll
650 7 _aKommunikationsstandarder
650 7 _aMobilt Internet
650 7 _aNä´¶erksprotokoll
650 7 _aTCP/IP (Computer network protocol)
650 7 _aTr夬?ommunikation
650 7 _aUMTS
650 7 _aWireless communication systems
650 7 _aWireless Internet
650 7 _aWireless Internet.
651 _aE-BOOK
700 1 _aBurness, Louise
700 1 _aEardley, Philip
942 _2ddc
_cBK
999 _c192652
_d192652